El ejecutivo en la empresa y en la administración pública (Record no. 84718)

MARC details
000 -LEADER
campo de control de longitud fija 00673nam a2200181 i 4500
001 - NÚMERO DE CONTROL
campo de control 84718
003 - IDENTIFICADOR DE NÚMERO DE CONTROL
campo de control ES-MaACL
005 - FECHA Y HORA DE LA ÚLTIMA TRANSACCIÓN
campo de control 20230906175059.0
007 - CAMPO FIJO DE DESCRIPCIÓN FÍSICA--INFORMACIÓN GENERAL
campo de control de longitud fija t|
008 - DATOS DE LONGITUD FIJA--INFORMACIÓN GENERAL
campo de control de longitud fija 041123s1966 sp ||||1| spa d
100 1# - ENTRADA PRINCIPAL--NOMBRE DE PERSONA
Nombre de persona Jennings, Eugene E.
9 (RLIN) 66305
245 13 - MENCIÓN DEL TÍTULO
Título El ejecutivo en la empresa y en la administración pública
Resto del título : autócrata, burócrata, demócrata /
Mención de responsabilidad, etc. Eugene E. Jennings ; [traducción, José Rovira Sánchez ; revisón, Joaquín López Veraza].
260 ## - PUBLICACIÓN, DISTRIBUCIÓN, ETC.
Lugar de publicación, distribución, etc. Barcelona :
Nombre del editor, distribuidor, etc. Sagitario,
Fecha de publicación, distribución, etc. [1966]
300 ## - DESCRIPCIÓN FÍSICA
Extensión 260 p. ;
Dimensiones 22 cm.
700 1# - ENTRADA AGREGADA--NOMBRE PERSONAL
Nombre de persona Rovira Sánchez, José.
9 (RLIN) 100155
700 1# - ENTRADA AGREGADA--NOMBRE PERSONAL
Nombre de persona López Sánchez, Joaquín.
9 (RLIN) 73956
852 ## - LOCALIZACIÓN
Ubicación ES-MaACL
Número de control de estantería C-30481
Sublocalización o colección R.60866
Holdings
Estatus retirado Estado de pérdida Estado de daño No para préstamo Biblioteca de origen Biblioteca actual Ubicación en estantería Fecha de adquisición Fuente de adquisición Total de préstamos Signatura topográfica completa Código de barras Visto por última vez Precio de reemplazo Tipo de ítem Koha
        Biblioteca del Ateneo de Madrid Biblioteca del Ateneo de Madrid Depósito 2 17/01/2008     C-30481 1088536 23/02/2023 23/02/2023 Libro impreso